00942cam a22002651 4500001001300000003000400013005001700017008004100034010002200075040003300097043001200130050002200142051002500164082001100189100002900200245016700229260002300396300005400419490003500473504003100508650003900539650004200578830003900620999001700659gs 53000083 DLC20260227111359.0770317s1953 dcuab b f00010 eng c ags 53000083 //r85 aU.S. Geol. Survey. Libr.cak an-us-ak0 aQE75b.C5 no. 244 aQE84.S4bW5cCopy 2. a553.4910aWhite, Max Gregg,d1916-00aReconnaissance for radioactive deposits in the vicinity of Teller and Cape Nome, Seward Peninsula, Alaska, 1946-47,cby M. G. White, W. S. West, and J. J. Matzko.0 aWashington,c1953. ai, 8 p.b2 fold. maps (in pocket) tables.c27 cm.1 aGeological Survey circular 244 aBibliographical footnotes. 0aGeologyzAlaskazSeward Peninsula. 0aMineralogyzAlaskazSeward Peninsula. 0aGeological Survey circular ;v244. c28716d28716